| 000 | 00347nam a2200133Ia 4500 | ||
|---|---|---|---|
| 008 | 230312s9999||||xx |||||||||||||| ||und|| | ||
| 020 | _a9781305876026 | ||
| 082 |
_a005.5 _bBES-M |
||
| 100 | _aWenpen,Faithe | ||
| 245 | 0 | _aOffice 2016 for seniors for dummies | |
| 260 |
_bCengage _aUSA _c2017 |
||
| 650 |
_aComputer _vComputer Programs |
||
| 942 | _cBK | ||
| 999 |
_c17459 _d17459 |
||